000 00332nam a22001457a 4500
008 230912b ||||| |||| 00| 0 eng d
020 _a0521384281
041 _aeng
080 _21989
_a521
082 _a521ASH
100 _a19
101 _aASTRO
245 _aGENERAL RELATIVITY & GRAVITATION 1989
_cASHBY.N
942 _2udc
_cBK
999 _c60337
_d60337